Central Library OPAC University of Rajshahi

The family estate in Africa : (Record no. 34725)

MARC details
000 -LEADER
fixed length control field 01022nam a22002891a 4500
001 - CONTROL NUMBER
control field 34725
003 - CONTROL NUMBER IDENTIFIER
rucl marc code BD-RjUL
005 - DATE AND TIME OF LATEST TRANSACTION
control field 20211209052212.0
008 - FIXED-LENGTH DATA ELEMENTS--GENERAL INFORMATION
fixed length control field 140518s1964 maua b 001 0 eng
035 ## - SYSTEM CONTROL NUMBER
System control number (BD-RjUL)34819
System control number (OCoLC)492491
040 ## - CATALOGING SOURCE
Original cataloging agency DLC
Transcribing agency ODaWU
Modifying agency OCoLC
-- MoSU-L
-- DLC
-- BD-RjUL
Language of cataloging eng
041 ## - LANGUAGE CODE
Language code of text/sound track or separate title eng
082 00 - DEWEY DECIMAL CLASSIFICATION NUMBER
Classification number 392.3096
Author mark and year FAM 1964
245 04 - TITLE STATEMENT
Title The family estate in Africa :
Remainder of title studies in the role of property in family structure and lineage continuity /
Statement of responsibility, etc. edited by Robert F. Gray and P.H. Gulliver ; contributors: Robert F. Gray ... [et al.]
260 ## - PUBLICATION, DISTRIBUTION, ETC. (IMPRINT)
Place of publication, distribution, etc. Boston :
Name of publisher, distributor, etc. Boston University Press,
Date of publication, distribution, etc. 1964.
300 ## - PHYSICAL DESCRIPTION
Pagination v, 265 p. :
Illustrations ill. ;
Size 23 cm.
504 ## - BIBLIOGRAPHY, ETC. NOTE
Bibliography, etc Includes bibliographies and index.
650 #0 - SUBJECT ADDED ENTRY--TOPICAL TERM
Topical term or geographic name as entry element Families
Geographic subdivision Africa.
9 (RLIN) 105653
Topical term or geographic name as entry element Kinship.
9 (RLIN) 105654
700 1# - ADDED ENTRY--PERSONAL NAME
Personal name Gray, Robert F.,
Dates associated with a name 1912-
Personal name Gulliver, P. H.
942 ## - ADDED ENTRY ELEMENTS (KOHA)
Source of classification or shelving scheme Dewey Decimal Classification
Koha item type Books
Holdings
Lost status Source of classification or shelving scheme Damaged status Not for loan Collection code Permanent Location Current Location Shelving location Date acquired Source of acquisition Cost, normal purchase price Total Checkouts Full call number Date last seen Copy number Koha item type
  Dewey Decimal Classification   Not For Loan Non-fiction Central Library, University of Rajshahi Central Library, University of Rajshahi Reading Room 28/05/1965 Euro-Pak 24.37   392.3096 FAM 1964 18/05/2014 C-1 Books
  Dewey Decimal Classification     Non-fiction Central Library, University of Rajshahi Central Library, University of Rajshahi   28/05/1965 Euro-Pak 24.37   392.3096 FAM 1964 18/05/2014 C-2 Books